Das Ultimative EM-Quiz - Statistiken

Allgemein
  • Dieses Quiz wurde 322 mal gespielt
  • Das Durchschnittsergebnis liegt bei 26 aus 53
Antwortstatistiken
Antwort % Korrekt
Deutschland
100%
BR Deutschland
99%
Frankreich
98%
Italien
98%
Spanien
98%
Portugal
96%
England
94%
England
94%
Belgien/Niederlande
93%
Polen/Ukraine
92%
Griechenland
91%
Sowjetunion
91%
Österreich/Schweiz
90%
Niederlande
89%
Belgien
88%
Schweden
86%
Dänemark
84%
Russland
79%
Tschechoslowakei
79%
Tschechien
73%
Türkei
73%
Cristiano Ronaldo
69%
Ungarn
67%
Wales
61%
Gerd Müller
59%
Dieter Müller
58%
Jugoslawien
58%
Fernando Torres
39%
Iker Casillas
38%
Franz Beckenbauer
34%
Antoine Griezmann
31%
David Villa
31%
Giorgio Chiellini
30%
Michel Platini
25%
Jürgen Klinsmann
22%
Marco van Basten
19%
Didier Deschamps
15%
Ruud Gullit
14%
Alan Shearer
10%
Henrik Larsen...
9%
Patrick Kluivert...
6%
Milan Baroš
5%
Lars Olsen
3%
Bernard Dietz
2%
Klaus Allofs
2%
Theodoros Zagorakis
2%
Anton Ondruš
1%
Dragan Džajić
1%
Giacinto Facchetti
1%
Jesús María Pereda...
1%
Walentin Iwanow...
1%
Ferran Olivella
0%
Igor Netto
0%
Keine übereinstimmenden Quizze gefunden
Verteilung der Resultate
Anzahl Personen mit jedem Resultat
Perzentil nach korrekt beantworteten Fragen
Ihre Resultats-Entwicklung
Sie haben dieses Quiz noch nicht gespielt